| 000 | 00753nam a2200229 i 4500 | ||
|---|---|---|---|
| 001 | 69897 | ||
| 003 | ES-MaACL | ||
| 005 | 20250223234432.0 | ||
| 007 | t| | ||
| 008 | 040713s1981 sp |||| | spa d | ||
| 020 | _a84-206-6106-6 | ||
| 080 | _a821.134.2-14"19" | ||
| 100 | 1 |
_aGarcía Lorca, Federico, _d1898-1936 _954853 |
|
| 245 | 1 | 0 |
_aCanciones, 1921-1924 / _cFederico García Lorca ; edición, introducción y notas, Mario Hernández. |
| 260 |
_aMadrid : _bAlianza, _c[1981] |
||
| 300 |
_a193 p. ; _c18 cm. |
||
| 490 | 1 |
_aObras de Federico García Lorca ; _v6 |
|
| 700 | 1 |
_aHernández, Mario, _d1945- _9151331 |
|
| 830 | 0 |
_aObras de Federico García Lorca ; _v6 _9183288 |
|
| 852 |
_aES-MaACL _jL-10906 |
||
| 999 |
_c69897 _d69897 |
||